Beaumont libraries then & now : a history of library service in the City of Beaumont, Texas /

Bibliographic Details
Main Author: Gray, Maurine
Format: Book
Language:English
Published: [Beaumont, Tex.] : Friends of the Beaumont Public Libraries, [1976?]
Subjects:

MARC

Tag First Indicator Second Indicator Subfields
LEADER 00000cam a2200000 a 4500
001 in00001317021
005 20190207095638.0
008 770819s1976 txua 000 0 eng d
035 |a (OCoLC)03200779 
035 |9 AHB4770AM 
040 |a IWU  |c IWU  |d TXA  |d UtOrBLW 
049 |a TXAS [txas] 
090 |a F394.B3  |b G72 1976 
100 1 |a Gray, Maurine. 
245 1 0 |a Beaumont libraries then & now :  |b a history of library service in the City of Beaumont, Texas /  |c compiled by Maurine Gray. 
264 1 |a [Beaumont, Tex.] :  |b Friends of the Beaumont Public Libraries,  |c [1976?] 
300 |a ii, 47 pages :  |b illustrations ;  |c 22 cm. 
336 |a text  |b txt  |2 rdacontent 
337 |a unmediated  |b n  |2 rdamedia 
338 |a volume  |b nc  |2 rdacarrier 
500 |a The Cushing Library/Chapman Texas Collection copy is part of the Floyd & Louise Chapman Texas & Borderlands Collection.  |5 TXA 
650 0 |a Public libraries  |z Texas  |z Beaumont. 
651 0 |a Beaumont (Tex.)  |x History. 
999 |a MARS 
999 f f |s a0b89776-cc7e-3325-b1c9-d2cdafd313c3  |i 2897b5c1-47b8-376b-9511-e381e34fe863  |t 0 
952 f f |p noncirc  |a Texas A&M University  |b College Station  |c Cushing Memorial Library & Archives  |d Cushing: Chapman Texas Collection (Does not check out)  |t 0  |e F394.B3 G72 1976  |h Library of Congress classification  |i unmediated -- volume 
998 f f |a F394.B3 G72 1976  |t 0  |l Cushing: Chapman Texas Collection (Does not check out)